| 000 | 01829nam a2200481 c 4500 | ||
|---|---|---|---|
| 001 | 14950 | ||
| 003 | ES-MaCES | ||
| 005 | 20160606135528.0 | ||
| 008 | 030520s2002 sp t 000 | spa d | ||
| 017 |
_aGR 1553-2002 _bDL |
||
| 020 | _a8484446069 | ||
| 035 | _aCES20030005623m | ||
| 040 |
_aES-MaCES _bspa _cES-MaCES |
||
| 041 | 1 |
_aspa _hita |
|
| 100 | 1 |
_aGhidini, Gustavo _913304 |
|
| 245 | 1 | 0 |
_aAspectos actuales del derecho industrial _b: propiedad intelectual y competencia _cGustavo Ghidini ; prólogo de Jerome H. Reichman ; presentación de la ed. española por José Miguel Embid Irujo ; traducción al español, Vanessa Martí Moya |
| 260 |
_aGranada _bComares _c2002 |
||
| 300 |
_aXXII, 257 p. _c22 cm |
||
| 490 | 1 | _aBiblioteca Comares de ciencia jurídica | |
| 490 | 1 |
_aMercatura. Colección Estudios de Derecho Mercantil _v9 |
|
| 500 | _aTraducción de: Profili evolutivi del diritto industriale | ||
| 504 | _aBibliografía: p. 201-257 | ||
| 541 | _cCompra | ||
| 650 | 4 |
_aderecho _927151 |
|
| 650 | 4 |
_apropiedad intelectual _929444 |
|
| 650 | 4 |
_aderecho de patentes _927168 |
|
| 650 | 4 |
_aderecho de autor _928931 |
|
| 650 | 4 |
_amarca registrada _927940 |
|
| 650 | 4 |
_amecanismo de control _929918 |
|
| 650 | 4 |
_aderecho mercantil _927157 |
|
| 650 | 4 |
_927897 _acompetencia |
|
| 650 | 4 |
_927620 _aindustria |
|
| 653 | 1 | 0 | _aDerecho mercantil |
| 700 | 1 |
_aReichman, Jerome H. _ecol. _921861 |
|
| 700 | 1 |
_aEmbid Irujo, Antonio _eed. lit. _911263 |
|
| 700 | 1 |
_aMartí Moya, Vanessa _etr. _917649 |
|
| 740 | 0 | 2 | _aProfili evolutivi del diritto industriale |
| 830 | 0 |
_aBiblioteca Comares de ciencia jurídica _932174 |
|
| 830 | 0 |
_aMercatura _pColección Estudios de Derecho Mercantil _v9 _933846 |
|
| 902 | _aLIB Libro | ||
| 942 |
_2CES _cBK _h6.0.11. |
||
| 999 |
_c14950 _d14950 |
||